000 00222 a2200085 4500
100 _aB K Sharma
_9211506
245 _aInstrumental Methods of Chemical Analysis Vol 2
250 _a5th
260 _bKrishna Prakashan Media
_c2025
999 _c365357
_d365357